The successful design of electronic hardware (Record no. 80807)

MARC details
000 -LEADER
fixed length control field 00637nam a2200145 a 4500
008 - FIXED-LENGTH DATA ELEMENTS--GENERAL INFORMATION
fixed length control field 120416s1988 ||||||||||||||||| || u
050 ## - LIBRARY OF CONGRESS CALL NUMBER
Classification number TK 7867 Lov
100 ## - MAIN ENTRY--PERSONAL NAME
Personal name Loveday, G.C
245 14 - TITLE STATEMENT
Title The successful design of electronic hardware
260 ## - PUBLICATION, DISTRIBUTION, ETC.
Place of publication, distribution, etc. Kent
Name of publisher, distributor, etc. Benchmarks
Date of publication, distribution, etc. 1988
300 ## - PHYSICAL DESCRIPTION
Extent iv, 120p. : ill.
350 ## -
-- 0.00
995 ## -
-- MAIN LIBRARY OPEN ACCESS
-- 0.00
-- 718968
-- CBU-MAIN LIBRARY (Kitwe)
-- 2
-- 7.75
-- TK 7867 Lov
-- AVAILABLE
-- 016584
-- Main Library Open Access Collection
995 ## -
-- MAIN LIBRARY OPEN ACCESS
-- 0.00
-- 718967
-- CBU-MAIN LIBRARY (Kitwe)
-- 1
-- 7.75
-- TK 7867 Lov
-- AVAILABLE
-- 016587
-- Main Library Open Access Collection
999 ## -
-- 80807
-- 80807
Holdings
Withdrawn status Lost status Source of classification or shelving scheme Damaged status Not for loan Permanent Location Current Location Shelving location Date acquired Total Checkouts Full call number Barcode Date last seen Copy number Price effective from Koha item type
          CBU-MAIN LIBRARY, KITWE. CBU-MAIN LIBRARY, KITWE.   07/11/2023   TK 7867 Lov 016584 07/11/2023 1 07/11/2023 MONOGRAPH
          CBU-MAIN LIBRARY, KITWE. CBU-MAIN LIBRARY, KITWE.   07/11/2023   TK 7867 Lov 016587 07/11/2023 2 07/11/2023 MONOGRAPH